00384nam a2200181Ia 4500003000900000008004100009040001300050040001300063041000800076100002100084245003400105250001400139260001300153260000900166300001100175300001000186490000600196IT-RoPAU120407s9999 xx 000 0 und d aIT-RoPAU cIT-RoPAU aita aMariano Magrassi aVivere l’Eucaristia. 3a ed. aNoci (Ba) aLa Scala c1978 a107 p. c21 cm v1